|
|
|
|
| LEADER |
03297nam a2200817 4500 |
| 001 |
ocn851068570 |
| 003 |
OCoLC |
| 005 |
20170124070018.4 |
| 006 |
m o d |
| 007 |
cr ||||||||||| |
| 008 |
130625s2013 enk ob 001 0 eng |
| 010 |
|
|
|a 2013025948
|
| 040 |
|
|
|a DLC
|b eng
|e rda
|e pn
|c DLC
|d YDX
|d N$T
|d IDEBK
|d CDX
|d CUS
|d DG1
|d COO
|d OCLCF
|d YDXCP
|d N15
|d E7B
|d RECBK
|d CNMTR
|d DEBBG
|d OCLCQ
|d EBLCP
|d OCLCQ
|d GrThAP
|
| 019 |
|
|
|a 859778027
|a 867190678
|a 947128414
|
| 020 |
|
|
|a 9781118700501
|q (ePub)
|
| 020 |
|
|
|a 1118700503
|q (ePub)
|
| 020 |
|
|
|a 9781118700495
|q (Adobe PDF)
|
| 020 |
|
|
|a 111870049X
|q (Adobe PDF)
|
| 020 |
|
|
|a 9781118700518
|
| 020 |
|
|
|a 1118700511
|
| 020 |
|
|
|a 9781299831148
|
| 020 |
|
|
|a 1299831141
|
| 020 |
|
|
|a 1118648315
|q (Cloth)
|
| 020 |
|
|
|a 9781118648315
|q (Cloth)
|
| 020 |
|
|
|z 9781118648315
|q (hardback)
|
| 029 |
1 |
|
|a AU@
|b 000051686174
|
| 029 |
1 |
|
|a AU@
|b 000053337180
|
| 029 |
1 |
|
|a CHBIS
|b 010131674
|
| 029 |
1 |
|
|a CHVBK
|b 314715851
|
| 029 |
1 |
|
|a DEBBG
|b BV041346120
|
| 029 |
1 |
|
|a DEBBG
|b BV041911388
|
| 029 |
1 |
|
|a DKDLA
|b 820120-katalog:000667530
|
| 029 |
1 |
|
|a NZ1
|b 15341808
|
| 029 |
1 |
|
|a DEBBG
|b BV042989360
|
| 035 |
|
|
|a (OCoLC)851068570
|z (OCoLC)859778027
|z (OCoLC)867190678
|z (OCoLC)947128414
|
| 037 |
|
|
|a 514365
|b MIL
|
| 042 |
|
|
|a pcc
|
| 050 |
0 |
0 |
|a TL230
|
| 072 |
|
7 |
|a TEC
|x 009000
|2 bisacsh
|
| 082 |
0 |
0 |
|a 629.2/31
|2 23
|
| 084 |
|
|
|a TEC009090
|2 bisacsh
|
| 049 |
|
|
|a MAIN
|
| 245 |
0 |
0 |
|a Guide to load analysis for durability in vehicle engineering /
|c editors, P. Johannesson, M. Speckert.
|
| 250 |
|
|
|a First edition.
|
| 264 |
|
1 |
|a Chichester, West Sussex :
|b Wiley.,
|c 2013.
|
| 300 |
|
|
|a 1 online resource.
|
| 336 |
|
|
|a text
|b txt
|2 rdacontent
|
| 337 |
|
|
|a computer
|b c
|2 rdamedia
|
| 338 |
|
|
|a online resource
|b cr
|2 rdacarrier
|
| 490 |
1 |
|
|a Automotive series
|
| 520 |
|
|
|a "Covers the use of established computational methods, such as finite element method (FEM) and multi body simulation (MBS), and their appropriate use within load analysis for durability"--
|c Provided by publisher.
|
| 504 |
|
|
|a Includes bibliographical references and index.
|
| 588 |
0 |
|
|a Print version record and CIP data provided by publisher.
|
| 505 |
0 |
|
|a pt. I. Overview -- pt. II. Methods for load analysis -- pt. III. Load analysis in view of the vehicle design process.
|
| 650 |
|
0 |
|a Trucks
|x Dynamics.
|
| 650 |
|
0 |
|a Finite element method.
|
| 650 |
|
0 |
|a Trucks
|x Design and construction.
|
| 650 |
|
7 |
|a TECHNOLOGY & ENGINEERING
|x Automotive.
|2 bisacsh
|
| 650 |
|
7 |
|a Finite element method.
|2 fast
|0 (OCoLC)fst00924897
|
| 650 |
|
7 |
|a Trucks
|x Design and construction.
|2 fast
|0 (OCoLC)fst01157816
|
| 650 |
|
7 |
|a Trucks
|x Dynamics.
|2 fast
|0 (OCoLC)fst01157819
|
| 650 |
|
4 |
|a TECHNOLOGY & ENGINEERING / Automotive.
|
| 655 |
|
4 |
|a Electronic books.
|
| 655 |
|
7 |
|a Electronic books.
|2 local
|
| 655 |
|
0 |
|a Electronic books.
|
| 700 |
1 |
|
|a Johannesson, Par,
|e editor.
|
| 700 |
1 |
|
|a Speckert, Michael,
|e editor.
|
| 776 |
0 |
8 |
|i Print version:
|t Guide to load analysis for durability in vehicle engineering.
|b First edition.
|d Chichester, West Sussex : John Wiley & Sons Inc., 2013
|z 9781118648315
|w (DLC) 2013021027
|
| 830 |
|
0 |
|a Wiley automotive series.
|
| 856 |
4 |
0 |
|u https://doi.org/10.1002/9781118700518
|z Full Text via HEAL-Link
|
| 994 |
|
|
|a 92
|b DG1
|